Sports Quiz

Random Sports or NHL Quiz

NHL Stanley Cup Champion Coaches Quiz Stats

 Plays Quiz not verified by Sporcle

Score 0/92 Timer 10:00
0 Plays Today
Hint Answer % Correct
1973 Montreal CandiensScotty Bowman
93.8%
1976 Montreal CanadiensScotty Bowman
93.8%
1977 Montreal CanadiensScotty Bowman
93.8%
1978 Montreal CanadiensScotty Bowman
93.8%
1979 Montreal CanadiensScotty Bowman
93.8%
1992 Pittsburgh PenguinsScotty Bowman
93.8%
1997 Detroit Red WingsScotty Bowman
93.8%
1998 Detroit Red WingsScotty Bowman
93.8%
2002 Detroit Red WingsScotty Bowman
93.8%
2018 Washington CapitalsBarry Trotz
92.5%
2014 Los Angeles KingsDarryl Sutter
91.3%
2012 Los Angeles KingsDarryl Sutter
91.3%
2008 Detroit Red WingsMike Babcock
90%
2010 Chicago BlackhawksJoel Quenneville
87.5%
2013 Chicago BlackhawksJoel Quenneville
87.5%
2015 Chicago BlackhawksJoel Quenneville
87.5%
2011 Boston BruinsClaude Julien
86.3%
2009 Pittsburgh PenguinsDan Bylsma
82.5%
1980 New York IslandersAl Arbour
78.8%
1981 New York IslandersAl Arbour
78.8%
1982 New York IslandersAl Arbour
78.8%
1983 New York IslandersAl Arbour
78.8%
2007 Anaheim DucksRandy Carlyle
77.5%
2017 Pittsburgh PenguinsMike Sullivan
77.5%
2016 Pittsburgh PenguinsMike Sullivan
77.5%
2006 Carolina HurricanesPeter Laviolette
75%
2004 Tampa Bay LightningJohn Tortorella
73.8%
1999 Dallas StarsKen Hitchcock
72.5%
1984 Edmonton OilersGlen Sather
71.3%
1985 Edmonton OilersGlen Sather
71.3%
1987 Edmonton OilersGlen Sather
71.3%
Hint Answer % Correct
1988 Edmonton OilersGlen Sather
71.3%
1995 New Jersey DevilsJacques Lemaire
66.3%
1972 Boston BruinsTom Johnson
65%
1991 Pittsburgh PenguinsBob Johnson
65%
1956 Montreal CanadiensToe Blake
63.8%
1957 Montreal CanadiensToe Blake
63.8%
1958 Montreal CanadiensToe Blake
63.8%
1959 Montreal CanadiensToe Blake
63.8%
1960 Montreal CanadiensToe Blake
63.8%
1965 Montreal CanadiensToe Blake
63.8%
1966 Montreal CanadiensToe Blake
63.8%
1968 Montreal CanadiensToe Blake
63.8%
1994 New York RangersMike Keenan
62.5%
1996 Colorado AvalancheMarc Crawford
62.5%
2003 New Jersey DevilsPat Burns
62.5%
2000 New Jersey DevilsLarry Robinson
60%
1931 Montreal CanadiensCecil Hart
55%
1930 Montreal CanadiensCecil Hart
55%
2001 Colorado AvalancheBob Hartley
52.5%
1974 Philadelphia FlyersFred Shero
52.5%
1975 Philadelphia FlyersFred Shero
52.5%
1936 Detroit Red WingsJack Adams
45%
1937 Detroit Red WingsJack Adams
45%
1943 Detroit Red WingsJack Adams
45%
1993 Montreal CanadiensJacques Demers
45%
1962 Toronto Maple LeafsPunch Imlach
42.5%
1963 Toronto Maple LeafsPunch Imlach
42.5%
1964 Toronto Maple LeafsPunch Imlach
42.5%
1967 Toronto Maple LeafsPunch Imlach
42.5%
1989 Calgary FlamesTerry Crisp
35%
1932 Toronto Maple LeafsDick Irvin
32.5%
Hint Answer % Correct
1946 Montreal CanadiensDick Irvin
32.5%
1944 Montreal CanadiensDick Irvin
32.5%
1953 Montreal CanadiensDick Irvin
32.5%
1928 New York RangersLester Patrick
31.3%
1933 New York RangersLester Patrick
31.3%
1970 Boston BruinsHarry Sinden
28.8%
1990 Edmonton OilersJohn Muckler
26.3%
1939 Boston BruinsArt Ross
20%
2005 NHL LockoutNobody Due to Lockout
20%
1947 Toronto Maple LeafsHap Day
18.8%
1945 Toronto Maple LeafsHap Day
18.8%
1942 Toronto Maple LeafsHap Day
18.8%
1948 Toronto Maple LeafsHap Day
18.8%
1949 Toronto Maple LeafsHap Day
18.8%
1969 Montreal CanadiensClaude Ruel
18.8%
1986 Montreal CanadiensJean Perron
18.8%
1938 Chicago BlackhawksBill Stewart
17.5%
1929 Boston BruinsCy Denneny
15%
1940 New York RangersFrank Boucher
15%
1950 Detroit Red WingsTommy Ivan
13.8%
1952 Detroit Red WingsTommy Ivan
13.8%
1954 Detroit Red WingsTommy Ivan
13.8%
1971 Montreal CanadiensAl MacNeil
12.5%
1951 Toronto Maple LeafsJoe Primeau
11.3%
1961 Chicago Black HawksRudy Pilous
11.3%
1941 Boston BruinsCooney Weiland
10%
1955 Detroit Red WingsJimmy Skinner
10%
1934 Chicago BlackhawksTommy Gorman
8.8%
1935 Montreal MaroonsTommy Gorman
8.8%
1927 Ottawa SenatorsDave Gill
7.5%

You're not logged in!

Compare scores with friends on all Sporcle quizzes.
OR
Log In

Sporcle TV

Today on Sporcle TV


Watch our educational content, quiz creation guides, and fun videos on Sporcle TV.

Show Comments

Extras

Created Jun 13, 2018ReportNominate
Tags:NHL Quiz, champion, coach, cup, stanley

Top Quizzes Today


Score Distribution

Your Account Isn't Verified!

In order to create a playlist on Sporcle, you need to verify the email address you used during registration. Go to your Sporcle Settings to finish the process.

Report this User

Report this user for behavior that violates our Community Guidelines.

Details: